Praktiky udržateľného marketingu na trhu podnikateľských subjektov diplomová práca

Saved in:
Bibliographic Details
Main Author: Svitačová, Alica
Corporate Author: Obchodná fakulta EU. Katedra marketingu
Other Authors: Oreský, Milan, 1956-
Format: Book
Language:Slovak
Published: Bratislava 2014
Tags: Add Tag
No Tags, Be the first to tag this record!

MARC

LEADER 00000nbm a2200000 4500
001 0186121
005 20170201094934.7
041 0 |a slo 
044 |a SK 
245 1 0 |a Praktiky udržateľného marketingu na trhu podnikateľských subjektov  |b diplomová práca  |c Alica Svitačová ; školiteľ: Milan Oreský 
264 1 |a Bratislava  |c 2014 
300 |a 72 s. 
100 1 |a Svitačová, Alica 
700 1 |a Oreský, Milan, 1956- 
710 2 |a Obchodná fakulta EU. Katedra marketingu